Hint | Answer | % Correct |
---|---|---|
& | Ampersand | 100%
|
: | Colon | 100%
|
, | Comma | 100%
|
© | Copyright | 100%
|
÷ | Divide | 100%
|
$ | Dollar | 100%
|
… | Ellipsis | 100%
|
! | Exclamation | 100%
|
x | Multiply | 100%
|
% | Percent | 100%
|
. | Period | 100%
|
£ | Pound | 100%
|
? | Question | 100%
|
; | Semi Colon | 100%
|
/ | Slash | 100%
|
' | Apostrophe | 88%
|
\ | Backslash | 88%
|
• | Bullet | 88%
|
† | Dagger | 88%
|
= | Equal | 88%
|
- | Hyphen | 88%
|
+ | Plus | 88%
|
" | Quotation | 88%
|
™ | Trademark | 88%
|
^ | Caret | 75%
|
> | Greater-Than | 75%
|
< | Less Than | 75%
|
~ | Tilde | 75%
|
* | Asterisk | 63%
|
@ | At Sign | 63%
|
¢ | Cent | 63%
|
° | Degree | 63%
|
♀ ♂ ⚥ | Gender | 63%
|
() | Parenthesis | 63%
|
¶ | Pilcrow | 63%
|
_ | Underscore | 63%
|
« » | Guillemet | 38%
|
« » | Guillemet | 38%
|
‽ | Interrobang | 38%
|
μ | Micro | 38%
|
§ | Section | 38%
|
` | Backtick | 25%
|
® | Registered | 25%
|
∴ | Therefore | 25%
|
◌́ | Accute | 13%
|
℮ | Estimate | 13%
|
( | Left Bracket | 13%
|
# | Octothorp | 13%
|
) | Right Bracket | 13%
|
≈ | Almost Equal To | 0%
|
⁂ | Asterism | 0%
|
‱ | Basis Point | 0%
|
⁐ | Close Up | 0%
|
¤ | Currency | 0%
|
⌀ | Diameter | 0%
|
❧ | Hedera | 0%
|
☞ | Index | 0%
|
◊ | Lozenge | 0%
|
№ | Numero | 0%
|
‰ | Per Mille | 0%
|
※ | Reference | 0%
|
℠ | Service Mark | 0%
|
℗ | Sound Recording | 0%
|
Copyright H Brothers Inc, 2008–2024
Contact Us | Go To Top | View Mobile Site